LEADER 01549nam a2200277 i 4500 001 000000052066 003 CaOOAMICUS 005 20220527103238.0 008 121015s1770 it u000 u lat u 013 $a23238 026 $al-um C.m. ,&a- rube (3) 1770 (R) 040 $aSeMil$bita 100 1 $aConcina, Daniele,$c.$0(OLS)http://semarc/name/4641 245 13$aDe spectaculis theatralibus christiano cuique tum laico, tum clerico vetitis dissertationes duae. Accedit Dissertatio tertia De presbyteris personatis auctore f. Daniele Concina .. 250 $aEditio tertia, cui S. Caroli Borromei Opusculum de choreis & spectaculis &c. ejusdemque selectae sententiae huc spectantes adjectae sunt. 260 $aRomae ; prostant Venetiis :$bApud Simonem Occhi,$c1770. 300 $aXXXII, 238, [2] p. ;$c4°. 500 $aRom. ; cors. - Stemma sul front. - Iniz. xilogr. - Legato con 2G-III-25 FA 500 $aSegn.: [a]-d4 A-2G4 650 4$aTeatro.$0(OLS)http://semarc/subject/7132 700 1 $aOcchi, Simone,$c.$0(OLS)http://semarc/name/2607 850 $aSeMil 852 $aSeMil$W1$xVenegono$y1$m2G III 24 FA$j18221$B18221$CSeMilBibl$Z2$F18222 $8I 996 $6245$aDe spectaculis theatralibus christiano cuique tum laico, tum clerico vetitis dissertationes duae. Accedit Dissertatio tertia De presbyteris personatis auctore f. Daniele Concina ..$9(OLS)http://semarc/title/79829 996 $6260$aRomae ; prostant Venetiis :$bApud Simonem Occhi$9(OLS)http://semarc/publisher/41422 LEADER 01094nam a2200241 i 4500 001 000000083213 003 CaOOAMICUS 005 20031014000000.0 008 031014s1980 it u000 u ita u 013 $a55453 020 $a88-7026-328-2 040 $aSeMil$bita 100 1 $aPironio, Eduardo F. .$0(OLS)http://semarc/name/93169 245 10$aPasqua cammino di speranza :$bRiflessioni per la Settimana Santa /$cCard. Eduardo Pironio Prefetto della Sacra Congregazione per i Religiosi e gli Istituti Secolari. 260 $aPadova :$bMessaggero,$ccopyr. 1980. 300 $a125 p. ;$c18 cm. 650 4$aPasqua - Meditazioni.$0(OLS)http://semarc/subject/2070 850 $aSeMil 852 $aSeMil$W1$xVenegono$y1$m3F V 142$j47865$B47865$CSeMilBibl$Z2$F50812 $81 961 $aOmaggio: Braschi don Francesco 996 $6020$a88-7026-328-2$9(OLS)http://semarc/number/63985 996 $6245$aPasqua cammino di speranza :$bRiflessioni per la Settimana Santa$9(OLS)http://semarc/title/130305 996 $6260$aPadova :$bMessaggero$9(OLS)http://semarc/publisher/29786